• 首页
  • 本馆介绍
  • 公告通知
  • 最新文献
  • 馆藏检索
  • 电子资源
  • 读者导购
  • 参考咨询
  • 我的图书馆
  • 登录
  • 期刊详细显示
  • 现刊情况显示
  • 合订本情况显示
  • 篇目信息显示

期刊信息

  • 表格格式
  • 工作单格式
  • 卡片格式
索取号 
O4/BOTAPS
题名 
BULLETIN OF THE AMERICAN PHYSICAL SOCIETY
作者 
George H.Trilling
分册号 
分册名 
出版地 
NEW YORK
出版者 
标准刊号 
0003-0503
出版频率 
月刊
中图法分类 
O4
主题词 
物理学
电子资源 
000 00808nas0 2200217 45
001 0733796843
005 20070416094940.65
011    @a0003-0503@d$500.00(2001)
100    @a20070416d km y0chiy0120 ea
101 0  @aeng
200 1  @aBULLETIN OF THE AMERICAN PHYSICAL SOCIETY@fGeorge H.Trilling
205    @a影印本
207    @aThe Bulletin of The American Physical Society is published 12x in 2001-March,April,May,June(2x),July,October(3x),November(2x),and December.
210    @aNEW YORK
300    @aThe Bulletin of The American Physical Society is published twelve times a year for The American Physical Society by the Anerucab Institute of Physics.
326    @a月刊
606 0  @a物理学
690    @aO4@v4
701  0 @aGeorge H.Trilling
801  0 @aCN@bPFT@c20070416
905    @aTJWY@dO4@eBOTAPS
    
    BULLETIN OF THE AMERICAN PHYSICAL SOCIETY/George H.Trilling.-影印本.-The Bulletin of The American Physical Society is published 12x in 2001-March,April,May,June(2x),July,October(3x),November(2x),and December.-NEW YORK
    
    The Bulletin of The American Physical Society is published twelve times a year for The American Physical Society by the Anerucab Institute of Physics.
    
    ISSN 0003-0503:$500.00(2001)
    
●
相关链接: 在易读查询期刊 在中国知网中查询期刊 在万方数据查询期刊 在维普查询期刊
唐山师范学院图书馆 欢迎您!
大连网信软件有限公司© 版权所有